Segundo Congreso Nacional de Ingeniería Mecánica: anales

Guardat en:
Dades bibliogràfiques
Autor corporatiu: Universidad de Santiago de Chile (Autor)
Format: Llibre
Idioma:espanyol
Publicat: Santiago Universidad de Santiago de Chile 1986
Matèries:
Etiquetes: Afegir etiqueta
Sense etiquetes, Sigues el primer a etiquetar aquest registre!

MARC

LEADER 00000nam a2200000 a 4500
001 UCU4274
003 CL-VaPUC
005 20240923100258.0
008 960517e19860000cl 1 spa d
082 0 4 |a 620.1  |b UNI  |2 21 
110 2 |a Universidad de Santiago de Chile  |e author  |9 617740 
245 1 0 |a Segundo Congreso Nacional de Ingeniería Mecánica: anales 
260 |a Santiago  |b Universidad de Santiago de Chile  |c 1986 
300 |a 2 v 
583 |a last modification  |c 20150713 14:25:21  |k Rodrigo Vera 
650 0 0 |a Ingeniería mecánica   |9 262089 
650 0 0 |a Estados de la Materia  |9 347141 
650 0 0 |a Sólidos  |9 260188 
650 0 0 |a Metales   |9 260686 
650 0 0 |a Mecánica de fluidos   |9 259464 
650 0 0 |a Energía   |9 259431 
650 0 7 |a GENERACION DE ENERGIA  |2 CL-VaPUC  |9 617741 
650 0 7 |a ENERGIA SOLAR  |2 CL-VaPUC  |9 617742 
942 |c BK 
945 |a lriquelm  |d 19960517 00:00:00 
546 |a En Español 
518 |p Congreso Nacional de Ingeniería Mecánica, 2, Santiago, 25 al 28 de Agosto de 1986 
999 |c 382613  |d 382611